Statistiques concernant Quiz sur le Timor Oriental

Cliquez ici pour prendre le quiz!

Statistiques générales

  • Ce quiz a été pris 1 891 fois
  • Le résultat moyen est 9 sur 16

Statistiques - réponses

QuestionRéponse% Correct
Pays qui avait annexé illégalement le Timor Oriental en 1976Indonésie
94%
Le Timor Oriental est le seul pays d'Asie qui se trouve
entièrement en-dessous de cette ligne imaginaire
Équateur
84%
Le Timor Oriental était une colonie de ce pays, de 1596 à 1975Portugal
83%
Langues officiellesPortugais
78%
Capitale et plus grande villeDili
75%
Seul autre pays majoritairement catholique en AsiePhilippines
66%
Devise monétaireDollar Américain
64%
Premier pays à reconnaître cette annexion, qui a également été au
cœur d'un scandale d'espionnage sur le Timor Oriental en 2004
Australie
61%
Produit qui représente plus de la moitié des exportations du paysPétrole
58%
Trois mers qui bordent le Timor Oriental (nommez-en une)Banda | Savu | Timor
53%
D'après un mythe local, cette même île aurait été
créée à partir de la peau de ce type de reptile
Crocodile
53%
Nom du pays, tel que préconisé par l'Organisation des Nations-UniesTimor-{Leste}
53%
Le mot Timor provient du malais "timur", qui signifie...Est
47%
Produit agricole qui représente 22% des exportations du paysCafé
38%
L'île de Timor fait partie de cet archipelPetites îles de la {Sonde}
24%
Langues officiellesTétoum
16%

Distribution des résultats

Percentile par nombre de réponses

% des personnes avec chaque résultat

Votre développement - résultats

Vous n’avez pas pris ce quiz